| 000 | 00000nam 2200000zi 4500 |
| 001 | 9.918707 |
| 003 | CaOODSP |
| 005 | 20231221113147 |
| 006 | m o d f |
| 007 | cr mn||||||||| |
| 008 | 221223t20232023qucab ob f000 0 iku d |
| 020 | |a9780660468518 |
| 040 | |aCaOODSP|bfre|erda|cCaOODSP |
| 043 | |an-cn-nu|ar------ |
| 086 | 1 |aCW66-925/2022Iku-PDF |
| 245 | 00|a[Plan de gestion de la réserve nationale de faune Ninginganiq]. |
| 250 | |a[Édition inuktitut]. |
| 264 | 1|aGatineau QC : |bEnvironnement et changement climatique Canada = Environment and Climate Change Canada, |c[2023] |
| 264 | 4|c©2023 |
| 300 | |a1 ressource en ligne (x, 67 pages) : |billustrations (principalement en couleur), cartes en couleur |
| 336 | |atexte|btxt|2rdacontent/fre |
| 337 | |ainformatique|bc|2rdamedia/fre |
| 338 | |aressource en ligne|bcr|2rdacarrier/fre |
| 500 | |aPublié aussi en français sous le titre : Plan de gestion de la réserve nationale de faune Ninginganiq; et en anglais sous le titre : Ninginganiq National Wildlife Area management plan. |
| 500 | |aTitre en français fourni par l'éditeur. |
| 500 | |a« EC22047 » -- Verso de la couverture. |
| 504 | |aComprend des références bibliographiques (pages 56-65). |
| 546 | |aTexte en inuktitut. |
| 650 | 6|aRefuges fauniques|zNunavut|xGestion. |
| 650 | 6|aParcs marins|zNunavut|xGestion. |
| 650 | 6|aParcs nationaux|zNunavut|xGestion. |
| 710 | 1 |aCanada. |bEnvironnement et changement climatique Canada, |eorganisme de publication. |
| 775 | 08|tPlan de gestion de la réserve nationale de faune Ninginganiq.|w(CaOODSP)9.918705 |
| 791 | |t[Ninginganiq National Wildlife Area management plan].|eeng|w(CaOODSP)9.918706 |
| 856 | 40|qPDF|s7.91 Mo|uhttps://publications.gc.ca/collections/collection_2023/eccc/cw66/CW66-925-2022-iku.pdf |
| 986 | |aEC22047 |